The assurance sciences : an introduction to quality control and reliability /

Bibliographic Details
Main Author: Halpern, Siegmund, 1918-
Format: Book
Language:English
Published: Englewood Cliffs, N.J. : Prentice-Hall, [1978]
Subjects:

MARC

Tag First Indicator Second Indicator Subfields
LEADER 00000pam a2200000 i 4500
001 in00000366993
005 20151011081223.0
008 770301s1978 njua b 00110 eng
010 |a  77002967  
020 |a 0130496014 
035 |a (OCoLC)02818253 
035 |9 ABP9211AM 
040 |a DLC  |c DLC  |d TXA  |d UtOrBLW 
049 |a TXAM  |c [1398606] 
050 0 0 |a TS156  |b .H3 
082 0 |a 620/.0045 
100 1 |a Halpern, Siegmund,  |d 1918- 
245 1 4 |a The assurance sciences :  |b an introduction to quality control and reliability /  |c Siegmund Halpern. 
264 1 |a Englewood Cliffs, N.J. :  |b Prentice-Hall,  |c [1978] 
264 4 |c ©1978 
300 |a xii, 431 pages :  |b illustrations ;  |c 25 cm. 
336 |a text  |b txt  |2 rdacontent 
337 |a unmediated  |b n  |2 rdamedia 
338 |a volume  |b nc  |2 rdacarrier 
500 |a Includes index. 
504 |a Bibliography: pages 421-423. 
650 0 |a Quality control. 
650 0 |a Reliability (Engineering) 
650 0 |a Maintainability (Engineering) 
999 |a MARS 
999 f f |s 62b4ef46-b96f-3fce-9ac0-59d9dad47495  |i 6e378bd8-bccc-3fc9-a501-d77c15dd2609  |t 0 
952 f f |p ric  |a Texas A&M University  |b Rellis Campus  |c Joint Library Facility  |d Remote Storage  |t 0  |e TS156 .H3  |h Library of Congress classification  |i unmediated -- volume  |m A14823779497 
998 f f |a TS156 .H3  |t 0  |l Remote Storage